LEADER 01460nam0 22003251i 450 001 UON00467081 005 20231205105148.512 100 $a20160429d1992 |0itac50 ba 101 $aita 102 $aIT 105 $a|||| 1|||| 200 1 $aCastelli medievali in Sicilia$eDai bizantini ai normanni$fFerdinando Maurici 210 $aPalermo$cSellerio$d1992 215 $a432 p.$cill.$d24 cm 311 $aPE XI 023$9UON00467082 410 0$1001UON00467082$12001 $aˆLa ‰pietra vissuta$fCollana diretta da Mario Giorgianni e Leonardo Urbani$1210 $aPalermo$cSellerio$d1991-$v5 PE XI 023 606 $aArchitettura$xSicilia (Italia)$xCastelli$3UONC088661$2FI 606 $aCastelli$xSicilia (Italia)$3UONC089481$2FI 606 $aFortificazioni medievali$xSicilia (Italia)$3UONC089482$2FI 620 $aIT$dPalermo$3UONL000273 676 $a728.81$cCastelli, residenze fortificate, etc.$v20 686 $aPE XI$cPAESI EXTRAASIATICI - ARCHITETTURA$2A 700 1$aMAURICI$bFERDINANDO$3UONV076449$039486 712 $aSellerio$3UONV249325$4650 801 $aIT$bSOL$c20260327$gRICA 899 $aSIBA - SISTEMA BIBLIOTECARIO DI ATENEO E ARCHIVIO STORICO$2UONSI 912 $aUON00467081 950 $aSIBA - SISTEMA BIBLIOTECARIO DI ATENEO E ARCHIVIO STORICO$dSI PE XI 023 $eSI 17372 7 023 996 $aCastelli medievali in Sicilia$9351310 997 $aUNIOR